[Event "EYCC Open-U16 2019"]
[Site "Bratislava"]
[Date "2019.08.05"]
[Round "4.9"]
[White "Bacrot, Alexandre"]
[Black "Globus, Or"]
[Result "0-1"]
[WhiteElo "2265"]
[BlackElo "2352"]
[Annotator "TA"]
[PlyCount "76"]
[EventDate "2019.08.02"]
[EventType "swiss"]
[EventCountry "SVK"]
[SourceTitle "playchess.com"]
[Source "ChessBase"]
[SourceQuality "1"]

{[%evp 9,76,18,19,0,0,-4,0,0,0,0,-4,0,8,-14,-31,-104,-104,-162,-141,-216,-198,-224,-228,-218,-226,-282,-223,-218,-159,-162,-146,-154,-131,-166,-59,-170,-156,-236,-233,-256,-264,-259,-181,-212,-35,-36,-27,-93,-37,-337,-337,-558,-552,-557,-549,-450,-92,-80,-90,-107,-66,-56,-62,-61,-54,-29994,-29995,-29995,-29996]} 1. d4 Nf6 2. Nf3 g6 3. Nbd2 Bg7 4. e4 O-O 5. e5 (5. Bd3 d6 6. O-O c5 7. c3 Qc7 8. h3 Nc6 9. d5 Ne5 10. Nxe5 dxe5 11. Re1 Ne8 12. a4 Nd6 13. Nc4 e6 14. Nxd6 Qxd6 15. Bc4 exd5 16. Bxd5 {½-½ (45) Grischuk,A (2767)-Mamedyarov,S (2809) Moscow 2018}) 5... Nh5 6. g4 {A48: 1 d4 Nf6 2 Nf3 g6: Torre, London and Colle Systems} Nf4 7. Ne4 d5 8. Ng3 {The position is equal.} Ne6 $146 ({Predecessor:} 8... f5 9. Bxf4 fxg4 10. Qd2 gxf3 11. h4 h5 12. Bd3 Qe8 {1-0 (36) Nabaty,T (2657)-Vakhidov,J (2500) London 2017}) 9. Nf5 c5 10. Nxg7 Nxg7 11. Rg1 Nc6 12. Qd2 (12. dxc5 $15 d4 13. Bd3) 12... cxd4 $17 13. Qh6 (13. Be2 $17 {was called for.}) 13... f6 $1 $19 14. Bf4 (14. Rg3 $17 {might work better.} Rf7 15. exf6 exf6 16. Bg2) 14... Ne6 {Strongly threatening ...fxe5.} 15. exf6 Rxf6 16. Ng5 Nxg5 17. Bxg5 Re6+ 18. Kd1 Qb6 ({But not} 18... Qa5 19. Bd2 $17) 19. Rg3 {Black should prevent Rh3.} Qxb2 20. Rc1 d3 ({Inferior is} 20... Qb4 21. Bd2 $11) 21. Bxd3 Qg7 $40 {[%mdl 128] Black is up to no good.} (21... Nb4 $1 $19 {[%cal Rb4a2]} 22. Rh3 Qh8) 22. Qh4 (22. Qxg7+ $15 Kxg7 23. f4) 22... Ne5 23. f4 (23. Bh6 $17 Qf6 24. Qxf6 Rxf6 25. h3) 23... Nxd3 24. Rxd3 Bd7 25. Bh6 Qf7 26. Rb1 Rb6 $2 ({Black should play} 26... Rc8 $19 {White must now prevent ...Ba4.} 27. Rb4 Rec6) 27. Rxb6 $1 $15 axb6 28. Re3 (28. f5 $11 {keeps the balance.}) 28... Re8 (28... d4 $17 29. Rxe7 Bxg4+ 30. Ke1 Re8) 29. Bg5 $2 {[%mdl 8192]} ({White should try} 29. Re5 $15) 29... d4 $1 $19 {[%csl LRa2,LRe3][%mdl 64] Discovered Attack} 30. Rxe7 $2 (30. Rh3 {keeps fighting.}) 30... Rxe7 31. Bxe7 Qxf4 32. h3 Qf1+ $2 (32... Bc6 $1 $19 {[%cal Rc6f3] is more deadly.} 33. Ke2 Bf3+ 34. Kf1 Qh2) 33. Kd2 $17 Qg2+ $1 34. Kd3 Bb5+ 35. Kxd4 Qd2+ 36. Ke5 Qe3+ 37. Kd6 $2 {[%mdl 8192] [#]} (37. Kd5 $15) 37... Qc5+ $1 38. Ke6 {[#]} Bc4+ $1 {Accuracy: White = 35%, Black = 54%.} 0-1

[Event "EYCC Open-U16 2019"]
[Site "Bratislava"]
[Date "2019.08.05"]
[Round "4.10"]
[White "Subelj, Jan"]
[Black "Marn, Jan"]
[Result "1-0"]
[WhiteElo "2425"]
[BlackElo "2215"]
[Annotator "TA"]
[PlyCount "85"]
[EventDate "2019.08.02"]
[EventType "swiss"]
[EventCountry "SVK"]
[SourceTitle "playchess.com"]
[Source "ChessBase"]
[SourceQuality "1"]

{[%evp 18,103,0,0,0,0,4,0,39,33,41,15,15,22,21,28,15,8,18,18,18,11,18,19,25,0,0,0,0,0,0,0,0,0,0,0,0,-25,-12,-23,-2,-11,0,0,0,0,0,0,73,79,307,295,271,240,217,161,177,113,141,52,181,181,181,181,520,520,495,478,455,447,552,565,619,592,570,517,821,821,821,798,29970,29968,29974,29976,29976,29977,29982,29983]} 1. e4 e5 2. Nf3 Nc6 3. Bb5 a6 4. Ba4 Nf6 5. O-O Be7 6. d3 b5 7. Bb3 O-O 8. Nc3 d6 9. a3 Bg4 10. Be3 Nd4 {C84: Closed Ruy Lopez: Unusual White 6th moves} 11. Bxd4 exd4 12. Nd5 Nxd5 {The position is equal.} 13. Bxd5 Rc8 14. Bc6 Bf6 15. a4 Bd7 16. Bxd7 Qxd7 {[#]} 17. b3 $146 ({Predecessor:} 17. Qd2 Rfe8 18. Rfe1 {½-½ (28) Nepomniachtchi,I (2729)-Aronian,L (2805) London 2017}) 17... c5 18. Nd2 d5 19. f4 Be7 20. exd5 Qxd5 21. f5 Bg5 22. Ne4 Be3+ 23. Kh1 c4 24. axb5 cxb3 25. cxb3 axb5 26. b4 Ra8 27. Rb1 Ra2 28. Qg4 {[#] Hoping for Nf6+.} f6 29. Nc5 Rf7 30. Qg3 h6 31. Ne6 Qe5 32. Qf3 Ra6 (32... Rfa7 $11) 33. Ra1 $36 {[%mdl 2048] White is in control.} Rxe6 $2 {[#]} (33... Rxa1 $16 34. Rxa1 Bd2) 34. fxe6 $18 Qxe6 35. Ra8+ Kh7 36. Rb8 Qe5 37. Qa8 (37. Rc8 $18) 37... Rc7 38. Re8 (38. Rc8 $16) 38... Re7 ({Black should play} 38... Qf4 $1 $14 39. Rd1 (39. Rh8+ Kg6 $14) 39... Kg6) 39. Rxe7 Qxe7 {[%mdl 4096] Endgame KQR-KQB} 40. Qd5 Qe5 $2 (40... Bd2 41. Qxd4 (41. Qxb5 Bxb4 42. Qf5+ Kh8 $18) 41... Bxb4) 41. Qxe5 fxe5 {KR-KB} 42. Rf5 Bf4 43. g4 {Played: Rf5-f7} 1-0

[Event "EYCC Open-U16 2019"]
[Site "Bratislava"]
[Date "2019.08.05"]
[Round "4.11"]
[White "Turcan, Richard"]
[Black "Horvath, Dominik"]
[Result "0-1"]
[WhiteElo "2232"]
[BlackElo "2424"]
[Annotator "NA"]
[PlyCount "64"]
[EventDate "2019.08.02"]
[EventType "swiss"]
[EventCountry "SVK"]
[SourceTitle "playchess.com"]
[Source "ChessBase"]
[SourceQuality "1"]
[TimeControl "40/5400+30:1800+30"]

1. e4 {[%emt 0:00:00]} c5 {[%emt 0:00:00]} 2. Nf3 {[%emt 0:00:00]} e6 {[%emt 0:00:00]} 3. d4 {[%emt 0:00:00]} cxd4 {[%emt 0:00:00]} 4. Nxd4 {[%emt 0:00:00]} Nc6 {[%emt 0:00:00]} 5. Nc3 {[%emt 0:00:05]} Qc7 {[%emt 0:00:00]} 6. Qd3 {[%emt 0:00:26]} Nf6 {[%emt 0:00:04]} 7. Ndb5 {[%emt 0:00:14]} Qb8 {[%emt 0:00:05]} 8. Qg3 {[%emt 0:00:11]} d6 {[%emt 0:00:03]} 9. Be3 {[%emt 0:00:49]} a6 {[%emt 0:00:16]} 10. Nd4 {[%emt 0:00:13]} Bd7 {[%emt 0:00:04]} 11. f4 {[%emt 0:01:23]} b5 {[%emt 0:00:46]} 12. Bd3 {[%emt 0:02:47]} g6 {[%emt 0:00:55]} 13. Qf3 {[%emt 0:09:01]} b4 {[%emt 0:11:13]} 14. Nce2 {[%emt 0:11:21]} Bg7 {[%emt 0:00:12]} 15. O-O-O {[%emt 0:09:42]} O-O {[%emt 0:04:21]} 16. Kb1 {[%emt 0:07:55]} Qc7 {[%emt 0:08:35]} 17. Rhg1 {[%emt 0:11:39]} Nxd4 {[%emt 0:01:26]} 18. Nxd4 {[%emt 0:04:04]} e5 {[%emt 0:00:44]} 19. fxe5 {[%emt 0:01:35]} dxe5 {[%emt 0:04:02]} 20. Ne2 {[%emt 0:00:20]} Bg4 {[%emt 0:00:26]} 21. Qf2 {[%emt 0:08:28]} Qc6 {[%emt 0:01:44]} 22. h3 {[%emt 0:01:50]} Be6 {[%emt 0:00:45]} 23. Qf3 {[%emt 0:02:33]} a5 {[%emt 0:00:47]} 24. g4 {[%emt 0:04:23]} Rfc8 {[%emt 0:02:34]} 25. g5 {[%emt 0:01:35]} Nh5 {[%emt 0:03:19]} 26. Rgf1 {[%emt 0:07:44]} a4 {[%emt 0:00:50]} 27. Rd2 {[%emt 0:01:06]} Nf4 {[%emt 0:09:11]} 28. Bxf4 {[%emt 0:04:30]} exf4 {[%emt 0:00:19]} 29. Qxf4 {[%emt 0:00:53]} Qc5 {[%emt 0:01:01]} 30. Kc1 {[%emt 0:07:36]} Bxa2 {[%emt 0:00:58]} 31. Kd1 {[%emt 0:02:35]} Be6 {[%emt 0:00:50]} 32. h4 {[%emt 0:00:31]} a3 {[%emt 0:00:22]} 0-1

[Event "EYCC Open-U16 2019"]
[Site "Bratislava"]
[Date "2019.08.05"]
[Round "4.12"]
[White "Sjoberg, Isak"]
[Black "Olsen, Filip Boe"]
[Result "1-0"]
[WhiteElo "2182"]
[BlackElo "2383"]
[Annotator "NA"]
[PlyCount "59"]
[EventDate "2019.08.02"]
[EventType "swiss"]
[EventCountry "SVK"]
[SourceTitle "playchess.com"]
[Source "ChessBase"]
[SourceQuality "1"]
[TimeControl "40/5400+30:1800+30"]

1. e4 {[%emt 0:00:00]} c5 {[%emt 0:00:00]} 2. Nf3 {[%emt 0:00:21]} d6 {[%emt 0:00:00]} 3. d4 {[%emt 0:02:15]} cxd4 {[%emt 0:00:00]} 4. Qxd4 {[%emt 0:01:18]} Nc6 {[%emt 0:00:15]} 5. Bb5 {[%emt 0:00:26]} a6 {[%emt 0:00:15]} 6. Bxc6+ {[%emt 0:01:08]} bxc6 {[%emt 0:00:02]} 7. c4 {[%emt 0:04:59]} e5 {[%emt 0:00:24]} 8. Qd3 {[%emt 0:00:04]} Qc7 {[%emt 0:00:50]} 9. Nc3 {[%emt 0:01:26]} Nf6 {[%emt 0:00:19]} 10. O-O {[%emt 0:02:04]} Be7 {[%emt 0:00:37]} 11. Rd1 {[%emt 0:02:03]} O-O {[%emt 0:00:28]} 12. h3 {[%emt 0:04:27]} Rd8 {[%emt 0:03:22]} 13. Be3 {[%emt 0:02:29]} h6 {[%emt 0:04:35]} 14. Rac1 {[%emt 0:07:19]} Be6 {[%emt 0:01:09]} 15. Nd5 {[%emt 0:08:31]} cxd5 {[%emt 0:05:46]} 16. cxd5 {[%emt 0:00:07]} Qb7 {[%emt 0:01:47]} 17. dxe6 {[%emt 0:01:01]} fxe6 {[%emt 0:01:08]} 18. Nd2 {[%emt 0:00:32]} d5 {[%emt 0:06:54]} 19. exd5 {[%emt 0:05:15]} exd5 {[%emt 0:00:41]} 20. Qg6 {[%emt 0:01:49]} Kh8 {[%emt 0:04:04]} 21. Nf3 {[%emt 0:03:09]} Qb8 {[%emt 0:03:40]} 22. Qf7 {[%emt 0:06:17]} Bf8 {[%emt 0:18:04]} 23. Rc7 {[%emt 0:04:58]} Rc8 {[%emt 0:12:05]} 24. Rb7 {[%emt 0:03:29]} Qd6 {[%emt 0:00:11]} 25. Bxh6 {[%emt 0:00:29]} Ne8 {[%emt 0:01:24]} 26. Be3 {[%emt 0:15:01]} d4 {[%emt 0:04:09]} 27. Rd7 {[%emt 0:05:08]} Qf6 {[%emt 0:02:03]} 28. Qh5+ {[%emt 0:00:11]} Kg8 {[%emt 0:00:31]} 29. Ng5 {[%emt 0:00:56]} Qf5 30. g4 1-0

[Event "EYCC Open-U16 2019"]
[Site "Bratislava"]
[Date "2019.08.05"]
[Round "4.13"]
[White "Briem, Stephan"]
[Black "Svane, Frederik"]
[Result "1-0"]
[WhiteElo "2223"]
[BlackElo "2334"]
[Annotator "TA"]
[PlyCount "63"]
[EventDate "2019.08.02"]
[EventType "swiss"]
[EventCountry "SVK"]
[SourceTitle "playchess.com"]
[Source "ChessBase"]
[SourceQuality "1"]

{[%evp 19,63,-5,0,0,9,-22,-6,-25,-11,-39,-30,-47,-45,-35,-50,-51,-49,-45,-47,-47,-41,-33,-39,-42,-45,-110,-104,-129,-131,-127,-135,-120,-121,-120,-122,-116,-109,-210,-65,-85,-63,-91,-94,-104,553,553]} 1. d4 Nf6 2. c4 e6 3. Nc3 Bb4 4. e3 O-O 5. Nge2 d5 6. a3 Be7 7. cxd5 exd5 8. Nf4 c6 9. Bd3 Re8 10. O-O Nbd7 11. f3 {E46: Nimzo-Indian: Rubinstein: 4 e3 0-0 5 Ne2 without early Bd3} Nf8 12. b4 (12. Bd2 Ng6 13. Nfe2 c5 14. Rc1 b6 15. Be1 Bf8 16. Bf2 Bb7 17. Qd2 Qd7 18. g4 cxd4 19. exd4 {1-0 (85) Gupta,A (2613)-Almasi,Z (2684) Caleta 2016}) 12... Bd6 13. Kh1 $146 {The position is equal.} ({Predecessor:} 13. Bd2 Ng6 14. Nfe2 a5 15. Rb1 axb4 16. axb4 b6 17. h3 Bb8 18. e4 dxe4 19. fxe4 {0-1 (39) Kumar,N (2444)-Bregadze,L (2453) Manchester 2017}) 13... Ng6 14. Nxg6 hxg6 15. Qc2 a5 16. b5 c5 17. dxc5 Bxc5 18. e4 Bd4 19. Bb2 dxe4 20. Bxe4 {Strongly threatening Rad1.} Qc7 $36 {[%mdl 2048] Black is more active.} 21. Rac1 Qe5 22. Na4 (22. Ba1 $15) 22... Bxb2 $17 ({But not} 22... Nxe4 $6 23. Bxd4 Qxd4 24. fxe4 $15) 23. Nxb2 Nxe4 24. fxe4 Qxb5 25. Nc4 Ra6 26. e5 Bf5 27. Qd2 Qd7 28. Nd6 (28. Qxd7 $17 Bxd7 29. Rfe1) 28... Be6 (28... Rxe5 $19 29. Rc8+ Kh7) 29. Qf4 Rf8 30. Rcd1 Rc6 31. Ne4 Qe7 $2 {[%mdl 8192] [#]} (31... Qc8 $17 {stays on course.} 32. Ng5 Rc4) 32. Nf6+ $1 {[%mdl 512] Accuracy: White = 48%, Black = 51%.} 1-0

[Event "EYCC Open-U16 2019"]
[Site "Bratislava"]
[Date "2019.08.05"]
[Round "4.14"]
[White "Kochavi, Ori"]
[Black "Remizov, Yaroslav"]
[Result "1/2-1/2"]
[WhiteElo "2153"]
[BlackElo "2357"]
[Annotator "TA"]
[PlyCount "88"]
[EventDate "2019.08.02"]
[EventType "swiss"]
[EventCountry "SVK"]
[SourceTitle "playchess.com"]
[Source "ChessBase"]
[SourceQuality "1"]

{[%evp 9,88,27,33,26,37,37,52,38,44,35,26,0,-1,-6,-9,-27,-20,-29,-18,-35,-30,-34,-36,-50,-15,-65,-55,-52,-46,-45,-28,-119,-110,-114,-113,-127,-91,-158,-179,-178,-168,-204,0,0,0,0,0,0,0,-108,-16,-19,0,0,405,375,387,-106,-109,-106,-106,-102,-119,-179,-168,-144,-112,-126,-115,-115,0,0,0,0,0,-118,0,0,0,0,0]} 1. e4 d6 2. d4 Nf6 3. Nc3 Nbd7 4. g4 g6 (4... h6 5. h3 e5 6. Nge2 g6 7. Bg2 Bg7 8. Be3 c6 9. Qd2 Qe7 10. O-O h5 11. g5 Nh7 12. a4 {1-0 (48) Bosiocic,M (2624)-Bortnyk,O (2610) Riadh 2017}) 5. Bg2 Bg7 6. h3 {B07: Pirc Defence: Miscellaneous Systems} c5 7. Nge2 O-O 8. O-O $146 {White is slightly better.} ({Predecessor:} 8. dxc5 Nxc5 9. Be3 Nfd7 10. Bd4 e5 11. Be3 Nb6 12. b3 a6 13. Qd2 {0-1 (39) Horvat,D (2170)-Pop,A (2300) Arad 2017}) 8... Rb8 9. a4 b6 10. f4 cxd4 11. Nxd4 {And now Nc6 would win.} Bb7 $1 12. Nb3 Nc5 13. Nxc5 bxc5 14. Qe2 Ne8 15. Rd1 Nc7 16. f5 e6 17. Be3 Ba6 18. Qd2 Rxb2 {[#]} 19. Bxc5 $1 {[%mdl 512]} Nd5 (19... Qf6 $5 {[%cal Rd6c5]} 20. Bxd6 Qxc3 21. Qxc3 Bxc3 22. Bxc7 Rxc2 $15) (19... dxc5 20. Qxd8) 20. Bd4 (20. exd5 $11 dxc5 21. fxe6) 20... Bxd4+ $17 21. Qxd4 Nf4 $1 22. Rd2 e5 23. Qxa7 (23. Qe3 $142) 23... Qa5 24. Qe3 Rc8 25. Nd5 {Strongly threatening Ne7+.} Nxd5 $2 (25... Rbxc2 26. Rad1 $11) (25... Rcxc2 $19 26. Rxc2 Rxc2) 26. exd5 $11 Rcxc2 27. Rxc2 Rxc2 28. f6 $1 {White threatens Qh6 and mate.} Qd8 $36 {[%mdl 2048] Black is more active.} 29. g5 (29. Bf1 $1 $11 Bc8 30. a5) 29... Qb8 (29... Qc8 $17 30. Kh1 h6 $1 {[%mdl 512]} 31. gxh6 Kh7) 30. Rc1 $1 {[%cal Rc1c2]} Re2 31. Qc3 $1 {[#] Threatens to win with Bf1.} Qa7+ $2 {[%mdl 8192]} ({Reject} 31... Qb6+ $6 32. Kh1 $16) (31... h6 $1 $11 {[%mdl 512] and Black stays safe.}) 32. Kh1 $18 {Threatening mate with Qc8+!} h6 {White must now prevent ...Qf2.} 33. gxh6 $2 {[#]} ({Only move:} 33. Qc6 $1 $18 {[%cal Rc6e8] Qe8+ would kill now.} Kh7 34. Rg1 (34. Qxd6 Rxg2 35. Kxg2 Qe3 $11 {[%mdl 64] Double Attack})) 33... Qf2 $1 $17 {[%csl Ge2][%cal Rf2g2][%mdl 512]} 34. Qf3 Qh4 35. Qg4 Qxh6 36. Rc6 (36. Rb1 $17 {was necessary.} Rc2 37. a5) 36... Re1+ 37. Kh2 Qe3 38. Bf3 ({But not} 38. Rxa6 $2 Qg1+ 39. Kg3 Re3+ 40. Qf3 Rxf3+ 41. Kxf3 Qd1+ 42. Ke3 Qd4+ 43. Ke2 Qc4+ 44. Kd2 Qxa6 $19) 38... Qd2+ $1 39. Qg2 Qf4+ (39... Be2 $1 $17 40. Rc4 Rh1+ $1 {[%mdl 576] Decoy} 41. Kxh1 Qe1+ 42. Kh2 Bxc4) 40. Qg3 $11 Qd2+ 41. Bg2 Re3 42. Qg4 {[#]} (42. Qh4 $1 $11 {was the only way to keep the balance.} Re2 43. Qg4) 42... Be2 ({Better is} 42... Qf2 $1 $17 {...Re1 is the strong threat.} 43. Rxa6 Re1 44. Ra8+ (44. Rxd6 $2 Qg1+ 45. Kg3 Re3+ 46. Qf3 Rxf3+ 47. Kxf3 e4+ {[%mdl 64] Decoy} 48. Kxe4 Qxg2+ 49. Kd4 Qf2+ 50. Kc4 Qf4+ {[%mdl 64] Double Attack} 51. Kc5 Qxa4 $19) 44... Kh7) 43. Qc8+ Kh7 {( -> ...Rg3!)} 44. Qf8 {[%csl Gf6][%cal Rf8g7][%mdl 64] Double Attack} Rxh3+ $1 {Accuracy: White = 52%, Black = 62%.} 1/2-1/2

[Event "EYCC Open-U16 2019"]
[Site "Bratislava"]
[Date "2019.08.05"]
[Round "4.15"]
[White "Sorensen, Hampus"]
[Black "Risteski, Emil"]
[Result "0-1"]
[WhiteElo "2352"]
[BlackElo "2150"]
[Annotator "TA"]
[PlyCount "66"]
[EventDate "2019.08.02"]
[EventType "swiss"]
[EventCountry "SVK"]
[SourceTitle "playchess.com"]
[Source "ChessBase"]
[SourceQuality "1"]

{[%evp 13,66,33,47,43,31,48,35,30,39,39,42,45,62,41,44,46,81,53,45,0,25,0,57,-58,-52,-69,0,-56,127,-83,-110,-227,-227,-589,-579,-588,-570,-889,-885,-818,-720,-795,-786,-1285,-1278,-1233,-643,-644,-643,-1325,-1266,-2112,-1971,-6160,-6039]} 1. d4 Nf6 2. c4 g6 3. Nc3 Bg7 4. e4 d6 5. h3 O-O 6. Be3 e5 7. d5 Na6 8. g4 {E71: King's Indian: 4 e4 d6 5 h3} Nc5 9. f3 c6 (9... h5 10. Qd2 Nh7 11. O-O-O h4 12. Bd3 Nxd3+ 13. Qxd3 f5 14. Rh2 Kh8 15. Rg2 Bd7 16. exf5 gxf5 {½-½ (69) Caruana,F (2811)-Jones,G (2640) Wijk aan Zee 2018}) 10. b4 {White is slightly better.} Na6 11. a3 cxd5 12. cxd5 Bd7 $146 ({Predecessor:} 12... Nd7 13. Qd2 Nb6 14. h4 f5 15. gxf5 gxf5 {1-0 (40) Vega Gutierrez,S (2389)-Lubbe,M (2286) Germany 2018}) 13. Bd3 h5 14. Qd2 Nh7 15. O-O-O h4 16. Kb1 Nc7 17. Rc1 b5 ({Better is} 17... Qe7 $11) 18. f4 (18. Na2 $14) 18... exf4 $15 19. Bxf4 Qe7 (19... a5 $1 $15) 20. Nf3 (20. Qh2 $11 Ne8 21. Nf3) 20... Rfc8 $2 {[#]} (20... a5 $1 $15 {keeps the upper hand.}) 21. Rhe1 $2 (21. e5 $1 $16 {[%cal Re5d6]} dxe5 22. Rhe1) 21... a5 $17 22. e5 (22. Ne2 $17 axb4 23. Qxb4) 22... axb4 $19 23. Na2 $2 (23. axb4 dxe5 {[%mdl 64] Discovered Attack} 24. Bxe5 Qxb4+ 25. Qb2 Qxb2+ 26. Kxb2) 23... Rxa3 {Black is clearly winning.} 24. Qxb4 Rxd3 25. Rxc7 Rxf3 26. exd6 Qf6 27. Rxc8+ Bxc8 28. Re8+ Nf8 29. Be5 Qxe5 30. Rxe5 Bxe5 31. Qc5 Bd7 32. Nc1 Rxh3 33. Kc2 Rc3+ {Accuracy: White = 33%, Black = 67%.} 0-1

[Event "EYCC Open-U16 2019"]
[Site "Bratislava"]
[Date "2019.08.05"]
[Round "4.16"]
[White "Suvorov, Alexander"]
[Black "Bettalli, Francesco"]
[Result "1-0"]
[WhiteElo "2333"]
[BlackElo "2095"]
[Annotator "NA"]
[PlyCount "47"]
[EventDate "2019.08.02"]
[EventType "swiss"]
[EventCountry "SVK"]
[SourceTitle "playchess.com"]
[Source "ChessBase"]
[SourceQuality "1"]
[TimeControl "40/5400+30:1800+30"]

1. d4 {[%emt 0:00:00]} Nf6 {[%emt 0:00:00]} 2. Bg5 {[%emt 0:00:00]} e6 {[%emt 0:00:00]} 3. Nf3 {[%emt 0:00:11]} h6 {[%emt 0:00:00]} 4. Bxf6 {[%emt 0:00:36]} Qxf6 {[%emt 0:00:07]} 5. e4 {[%emt 0:00:43]} d6 {[%emt 0:00:08]} 6. Nc3 {[%emt 0:00:39]} Nd7 {[%emt 0:00:22]} 7. Qd2 {[%emt 0:00:45]} g6 {[%emt 0:00:43]} 8. O-O-O {[%emt 0:01:29]} Bg7 {[%emt 0:00:20]} 9. Nb5 {[%emt 0:09:13]} Qd8 {[%emt 0:03:41]} 10. Qc3 {[%emt 0:08:49]} Nc5 {[%emt 0:00:07]} 11. e5 {[%emt 0:01:06]} Na6 {[%emt 0:13:08]} 12. h4 {[%emt 0:09:56]} O-O {[%emt 0:02:11]} 13. Qa3 {[%emt 0:08:22]} d5 {[%emt 0:05:44]} 14. Kb1 {[%emt 0:03:16]} Re8 {[%emt 0:03:45]} 15. h5 {[%emt 0:03:54]} g5 {[%emt 0:00:47]} 16. Nh2 {[%emt 0:04:07]} f5 {[%emt 0:06:40]} 17. exf6 {[%emt 0:00:47]} Qxf6 {[%emt 0:00:05]} 18. Ng4 {[%emt 0:07:21]} Qe7 {[%emt 0:01:14]} 19. Qd3 {[%emt 0:02:39]} c6 {[%emt 0:06:37]} 20. Qg6 {[%emt 0:05:01]} cxb5 {[%emt 0:02:23]} 21. Nxh6+ {[%emt 0:01:52]} Kf8 {[%emt 0:00:01]} 22. Rh3 {[%emt 0:02:36]} g4 {[%emt 0:03:54]} 23. Nxg4 {[%emt 0:00:30]} Kg8 {[%emt 0:02:45]} 24. Bd3 {[%emt 0:01:50]} 1-0

[Event "EYCC Open-U16 2019"]
[Site "Bratislava"]
[Date "2019.08.05"]
[Round "4.17"]
[White "Dudin, Gleb"]
[Black "Zetocha, Adrian"]
[Result "1-0"]
[WhiteElo "2283"]
[BlackElo "2193"]
[Annotator "NA"]
[PlyCount "60"]
[EventDate "2019.08.02"]
[EventType "swiss"]
[EventCountry "SVK"]
[SourceTitle "playchess.com"]
[Source "ChessBase"]
[SourceQuality "1"]
[TimeControl "40/5400+30:1800+30"]

1. d4 {[%emt 0:00:56]} Nf6 {[%emt 0:03:27]} 2. c4 {[%emt 0:00:59]} g6 {[%emt 0:00:20]} 3. Nc3 {[%emt 0:00:21]} Bg7 {[%emt 0:00:10]} 4. e4 {[%emt 0:00:19]} d6 {[%emt 0:00:10]} 5. Be2 {[%emt 0:00:15]} O-O {[%emt 0:00:09]} 6. Be3 {[%emt 0:00:07]} e5 {[%emt 0:07:37]} 7. d5 {[%emt 0:06:05]} Nfd7 {[%emt 0:06:05]} 8. g4 {[%emt 0:05:08]} f5 {[%emt 0:07:21]} 9. gxf5 {[%emt 0:01:17]} gxf5 {[%emt 0:00:10]} 10. exf5 {[%emt 0:01:33]} Nf6 {[%emt 0:13:51]} 11. Bd3 {[%emt 0:11:37]} Qe8 {[%emt 0:11:06]} 12. Nge2 {[%emt 0:15:31]} e4 {[%emt 0:08:40]} 13. Bc2 {[%emt 0:01:06]} Bxf5 {[%emt 0:00:06]} 14. Nd4 {[%emt 0:08:12]} Bg4 {[%emt 0:04:02]} 15. Qd2 {[%emt 0:07:56]} c5 {[%emt 0:00:57]} 16. Ne6 {[%emt 0:04:02]} Bxe6 {[%emt 0:02:42]} 17. dxe6 {[%emt 0:00:09]} Qxe6 {[%emt 0:00:45]} 18. O-O-O {[%emt 0:00:43]} Na6 {[%emt 0:11:20]} 19. Qxd6 {[%emt 0:08:05]} Qxd6 {[%emt 0:05:42]} 20. Rxd6 {[%emt 0:00:03]} Rfe8 {[%emt 0:01:00]} 21. Rg1 {[%emt 0:01:37]} Kf7 {[%emt 0:04:34]} 22. Nd5 {[%emt 0:01:05]} Nxd5 {[%emt 0:03:49]} 23. Rxd5 {[%emt 0:00:10]} Re7 {[%emt 0:00:43]} 24. Bxe4 {[%emt 0:03:42]} Rxe4 {[%emt 0:01:02]} 25. Rd7+ {[%emt 0:00:05]} Ke6 {[%emt 0:00:20]} 26. Rgxg7 {[%emt 0:00:48]} Rxc4+ {[%emt 0:00:15]} 27. Kb1 {[%emt 0:04:20]} h5 {[%emt 0:00:44]} 28. Rxb7 {[%emt 0:02:10]} Rd8 {[%emt 0:01:36]} 29. b3 {[%emt 0:02:39]} Rd1+ {[%emt 0:00:13]} 30. Kb2 {[%emt 0:00:05]} Rh4 {[%emt 0:00:05]} 1-0